The economics of perestroika (Record no. 515917)

000 -LEADER
fixed length control field 00352nam a22001337a 4500
082 ## - DEWEY DECIMAL CLASSIFICATION NUMBER
Classification number TNC T1x47 V989
100 ## - MAIN ENTRY--PERSONAL NAME
Personal name Vyas, Arvind
9 (RLIN) 22166
245 ## - TITLE STATEMENT
Title The economics of perestroika
Statement of responsibility, etc by Arvind Vyas
260 ## - PUBLICATION, DISTRIBUTION, ETC. (IMPRINT)
Place of publication, distribution, etc Delhi
Name of publisher, distributor, etc Ajanta
Date of publication, distribution, etc 1991
300 ## - PHYSICAL DESCRIPTION
Extent 100p.
650 ## - SUBJECT ADDED ENTRY--TOPICAL TERM
Topical term or geographic name as entry element U. S. S. R.
9 (RLIN) 22167
650 ## - SUBJECT ADDED ENTRY--TOPICAL TERM
Topical term or geographic name as entry element Perestroika
9 (RLIN) 22168
650 ## - SUBJECT ADDED ENTRY--TOPICAL TERM
Topical term or geographic name as entry element Eastern Europe
9 (RLIN) 22169
Holdings
Withdrawn status Lost status Source of classification or shelving scheme Damaged status Koha normalized classification for sorting Not for loan Permanent location Current location Date acquired Full call number Barcode Date last seen Price effective from Koha item type
        TNC_T1X47_V989   Indian Institute of Public Administration Indian Institute of Public Administration 2021-02-11 TNC T1x47 V989 GR22731 2021-02-11 2021-02-11 GR

Powered by Koha